000 00625nam a2200217 a 4500
001 BRCA_3886
005 20190320204449.0
008 271209s1914----sp-#######---#000-0#spa-#
041 _aspa
044 _asp
050 4 _aF1230
_b.C47 1914
100 1 _aCervantes de Salazar, Francisco
_d1514-1575.
_98151
245 1 0 _aCrónica de la Nueva España
_cFrancisco Cervantes de Salazar.
260 _aMadrid
_bThe Hispanic Society of America
_c1914
300 _a843 p.
_c27 cm.
500 _aIncluye apéndices
500 _aC47
651 4 _aMéxico
_xHistoria
_yConquista, 1519-1540
_9442
902 _aGFM
942 _2lcc
_cB
999 _c3614
_d3614